000 00841nam a2200241 a 4500
001 000046811
003 DO-SdBNP
005 20230719140307.0
008 180328s2015 dr a 000 0 spa d
020 _a9789945492675
040 _aDO-SdBNP
_bspa
_cBNPHU
082 4 _aRD861.4408
_bR918n
_222
100 _aRueda, Manuel,
_d1921-1999
_922834
245 1 0 _aNoche de nadie :
_bantología poética /
_cManuel Rueda ; edición y selección León Félix Batista y Santana.
260 _aSanto Domingo :
_bEdiciones Ferilibro,
_c2015.
300 _a342 p. :
_bil. ;
_c27 cm.
590 _aInventariado, 2018/BT
650 4 _aPoesía dominicana
_vColecciones
650 4 _aLiteratura dominicana
_vColecciones
_97123
700 1 _aBatista y Santana, León Félix
_eed.
_983798
910 _aValidado. Control de calidad MFF
942 _2ddc
_cLBS1
999 _c46300
_d46300